Estudios fundamentales de mercadotecnia
I tiakina i:
| Kaituhi matua: | |
|---|---|
| Hōputu: | Pukapuka |
| Reo: | Pāniora |
| I whakaputaina: |
Ciudad de México
CRAT
1970
|
| Ngā marau: | |
| Ngā Tūtohu: |
Tāpirihia he Tūtohu
Kāore He Tūtohu, Me noho koe te mea tuatahi ki te tūtohu i tēnei pūkete!
|
MARC
| LEADER | 00000nam a2200000 a 4500 | ||
|---|---|---|---|
| 001 | UCR9643 | ||
| 003 | CL-VaPUC | ||
| 008 | 980613e19700000MX |||||||||||||||||spa|d | ||
| 082 | 0 | 4 | |a 658.8 |b FER |2 21 |
| 100 | 0 | |a Ferber, Robert |e author |9 412392 | |
| 245 | 1 | 0 | |a Estudios fundamentales de mercadotecnia |
| 300 | |a 645 p | ||
| 942 | |c BK | ||
| 945 | |d 19980613 00:00:00 |a cmena | ||
| 260 | |a Ciudad de México |b CRAT |c 1970 | ||
| 650 | 0 | |a Marketing |9 259324 | |
| 650 | 0 | |a Investigación de mercado |9 332310 | |
| 650 | 0 | |a Control de calidad |9 259714 | |
| 650 | 0 | |a Costos |9 261063 | |
| 650 | 0 | |a Publicidad |9 314572 | |
| 650 | 0 | |a Toma de decisiones |9 257530 | |
| 650 | 0 | |a Planificación estratégica |9 259735 | |
| 650 | 0 | |a Precios |9 260787 | |
| 583 | |a last modification |c 20141114 05:19:28 |k Rodrigo Vera | ||
| 999 | |c 270829 |d 270827 | ||
| 952 | |0 0 |1 0 |4 0 |6 658_800000000000000_FER_1970 |7 0 |8 A |9 305240 |a BIBENE |b BIBENE |d 2019-11-20 |i 1419897 |o 658.8 FER 1970 |p 1419897 |r 2025-01-15 |w 2019-11-20 |y BK |k ICO | ||
| 952 | |0 0 |1 0 |4 0 |6 658_800000000000000_FER_1970 |7 0 |8 A |9 305241 |a BIBGIM |b BIBGIM |d 2019-11-20 |i 1431234 |o 658.8 FER 1970 |p 1431234 |r 2025-01-15 |w 2019-11-20 |y BK |k COM | ||
| 952 | |0 0 |1 0 |4 0 |6 658_800000000000000_FER_1970 |7 0 |8 A |9 305242 |a BIBGIM |b BIBGIM |d 2019-11-20 |i 1431285 |o 658.8 FER 1970 |p 1431285 |r 2025-01-15 |w 2019-11-20 |y BK |k COM | ||